El niño y sus instituciones: la familia, la escuela
Spremljeno u:
| Glavni autor: | |
|---|---|
| Format: | Knjiga |
| Jezik: | španjolski |
| Izdano: |
Ciudad de México
Roca
1977
|
| Serija: | Roca pedagogía
|
| Teme: | |
| Oznake: |
Dodaj oznaku
Bez oznaka, Budi prvi tko označuje ovaj zapis!
|
MARC
| LEADER | 00000nam a2200000 a 4500 | ||
|---|---|---|---|
| 001 | UCZ0509 | ||
| 003 | CL-VaPUC | ||
| 008 | 950728e19770000MX |||||||||||||||||spa|d | ||
| 082 | 0 | 4 | |a 305.23 |b DIG |2 21 |
| 100 | 0 | |a Di Georgi, Pietro |e author |9 343425 | |
| 245 | 1 | 3 | |a El niño y sus instituciones: la familia, la escuela |
| 300 | |a 142 p | ||
| 942 | |c BK | ||
| 945 | |d 19950728 00:00:00 |a cmena | ||
| 260 | |a Ciudad de México |b Roca |c 1977 | ||
| 650 | 0 | |a Niños |9 255605 | |
| 650 | 0 | |a Sociología |9 255410 | |
| 650 | 0 | |a Familias |9 255641 | |
| 650 | 7 | |a RELACIONES PADRES-HIJOS |2 CL-VaPUC |9 308185 | |
| 650 | 7 | |a INFLUENCIA FAMILIAR |2 CL-VaPUC |9 335148 | |
| 650 | 0 | |a Relaciones interpersonales |9 307056 | |
| 650 | 0 | |a Integración social |9 319662 | |
| 650 | 0 | |a Escuelas |9 308582 | |
| 583 | |a last modification |c 19950728 00:00:00 |k Rodrigo Vera | ||
| 490 | 0 | |a Roca pedagogía | |
| 999 | |c 237430 |d 237428 | ||
| 952 | |0 0 |1 0 |4 0 |6 305_230000000000000_DIG_1977 |7 0 |8 P |9 246494 |a BIBEDU |b BIBEDU |c BIBEDU_PB |d 2019-11-18 |i 1544624 |o 305.23 DIG 1977 |p 1544624 |r 2024-01-25 |w 2019-11-18 |y BK |k EDU | ||